Mr. Troubleshooter : (Record no. 81158)

MARC details
000 -LEADER
fixed length control field 01057nam a22002897a 4500
005 - DATE AND TIME OF LATEST TRANSACTION
control field 20180309111322.0
010 ## - LCCN (DPL NO)
LC control number ENG-108821
020 ## - INTERNATIONAL STANDARD BOOK NUMBER
Terms of availability 700.00
International Standard Book Number 9789380164519
020 ## - INTERNATIONAL STANDARD BOOK NUMBER
Terms of availability 1100.00
035 ## - SYSTEM CONTROL NUMBER
System control number EN-92354
035 ## - SYSTEM CONTROL NUMBER
System control number B-504788
035 ## - SYSTEM CONTROL NUMBER
System control number B-536780-783
035 ## - SYSTEM CONTROL NUMBER
System control number B-667713
037 ## - SOURCE OF ACQUISITION
Source of stock number/acquisition DBAD/PUB
037 ## - SOURCE OF ACQUISITION
Source of stock number/acquisition K.K.Pub/Ven
Stock number dpl
037 ## - SOURCE OF ACQUISITION
Source of stock number/acquisition KKP/Ven
Stock number dpl
082 ## - DEWEY DECIMAL CLASSIFICATION NUMBER
Classification number 954.05092
100 ## - MAIN ENTRY--PERSONAL NAME
Personal name Khellen Singh Th.
245 ## - TITLE STATEMENT
Title Mr. Troubleshooter :
Statement of responsibility, etc by Khellen Singh Th.
Remainder of title the 13th president Pranab Mukherjee /
260 ## - PUBLICATION, DISTRIBUTION, ETC. (IMPRINT)
Place of publication, distribution, etc Delhi
Name of publisher, distributor, etc A.K. Publications
Date of publication, distribution, etc 2013
270 ## - ADDRESS
Address B-61/E-1, Gali No. 14, Jagatpuri Ext. Shahadra
City Delhi
Postal code 110093
300 ## - PHYSICAL DESCRIPTION
Extent 348p.
Dimensions 22cm(Hb)
942 ## - ADDED ENTRY ELEMENTS (KOHA)
Source of classification or shelving scheme Dewey Decimal Classification
Item type English Books
Call number suffix KHE
Classification part 954.05092
Holdings
Withdrawn status Lost status Not for loan Collection code Home library Current library Date acquired Source of acquisition Cost, normal purchase price Full call number Barcode Copy number Cost, replacement price Koha item type
      Non-fiction Ashok Vihar Ashok Vihar 09/03/2018 KKP/278/24.2.2017/420/15.2.2017/17.3.2017 1100.00 954.05092 KHE B-667713 1 1100.00 English Books
      Non-fiction Central Library Central Library 10/06/2014 K.K.Pub/BL2983/11.03.2013/172/11.03.2013/20.03.2013 1100.00 954.05092 KHE B-504788 1 1100.00 English Books
      Non-fiction Central Library Central Library 14/08/2014 KKP/BL3706/28.03.2014/146/25.03.2014/31.03.2014 700.00 954.05092 KHE B-536780 1 700.00 English Books
    Not For Loan Non-fiction D.B.Act.Division D.B.Act.Division 16/12/2013 DBAD/PUB 700.00 954.05092 SIN EN-92354 1 700.00 English Books
      Non-fiction Patel Nagar Patel Nagar 14/08/2014 KKP/BL3706/28.03.2014/146/25.03.2014/31.03.2014 700.00 954.05092 KHE B-536781 1 700.00 English Books
      Non-fiction Sarojini Nagar Sarojini Nagar 14/08/2014 KKP/BL3706/28.03.2014/146/25.03.2014/31.03.2014 700.00 954.05092 KHE B-536782 1 700.00 English Books
  Written-off vide DLB M. No. 383 dt 16.05.19   Non-fiction Shahdara Branch Shahdara Branch 14/08/2014 KKP/BL3706/28.03.2014/146/25.03.2014/31.03.2014 700.00 954.05092 KHE B-536783 1 700.00 English Books

© Delhi Public Library
Hit Counter
free hit counter